| 000 | 00784cab a2200229 4500 | ||
|---|---|---|---|
| 001 | WB3403-16 | ||
| 008 | 090401t1998 xxu||||| |||| 00| 0 eng d | ||
| 035 | _a(Sirsi) u83202 | ||
| 041 | _aeng | ||
| 245 | _aNew ombudsman scheme | ||
| 260 | _c1998 | ||
| 350 | _a0 | ||
| 490 |
_aOmbudsman Scheme News Release _v20 January 1998, (4) |
||
| 520 | _aA new Ombudsman for Estate Agents (OEA) scheme has been launched which guarantees buyers and sellers of homes an impartial means of redress if they have a complaint against an estate agent. Estate agents can subscribe to the scheme. | ||
| 650 | _aESTATE AGENTS | ||
| 650 | _aHOMEBUYERS | ||
| 650 | _aOMBUDSMAN FOR ESTATE AGENTS SCHEME | ||
| 650 | _aOMBUDSMAN SCHEME | ||
| 690 | _aHOUSING | ||
| 942 | _n0 | ||
| 948 | _c20/01/1998 | ||
| 999 |
_c52540 _d52540 |
||